Largest Celestial Body Quiz Stats

 Plays Quiz Updated Jul 30, 2019

Score 0/16 Timer 05:00
0 Plays Today
Question Answer Wrong Answers
Which celestial body has the largest radius? Jupiter
85.7%
Saturn
4.4%
Uranus
2.7%
Neptune
1.8%
Which celestial body has the largest radius? The Sun
82.9%
The Moon
0.9%
Jupiter
9.3%
Pluto
1.1%
Which celestial body has the largest radius? Saturn
79%
Makemake
4.3%
Neptune
9.5%
Venus
2.3%
Which celestial body has the largest radius? Neptune
79%
Mercury
1.9%
Ceres
4.3%
Earth
9.1%
Which celestial body has the largest radius? Venus
77.4%
Haumea
5.4%
Sedna
4.7%
Ariel
7.1%
Which celestial body has the largest radius? Earth
72.8%
Mercury
2.5%
Venus
10%
Mars
9.2%
Which celestial body has the largest radius? Mars
67.1%
Ganymede
18.7%
Charon
4.1%
Callisto
4.4%
Which celestial body has the largest radius? Titan
64.9%
Triton
8.6%
Titania
4.1%
The Moon
17.1%
Which celestial body has the largest radius? Mercury
52.1%
The Moon
11.3%
Pluto
6.2%
Triton
24.8%
Which celestial body has the largest radius? Pluto
52%
Eris
10%
Ceres
25.9%
Haumea
6.7%
Which celestial body has the largest radius? Betelgeuse
49.3%
Sirius
11.3%
The Sun
21.3%
Proxima Centauri
12.9%
Which celestial body has the largest radius? Uranus
48.4%
Neptune
40.3%
Earth
4%
Venus
1.9%
Which celestial body has the largest radius? Ganymede
43.6%
Europa
23.2%
Callisto
7%
Io
20.7%
Which celestial body has the largest radius? Charon
36.9%
Phobos
31.2%
Deimos
13.3%
Quaoar
12.7%
Which celestial body has the largest radius? The Moon
34.6%
Europa
45.4%
Oberon
9.7%
Rhea
4.8%
Which celestial body has the largest radius? Polaris
21.9%
Sirius
29.9%
Jupiter
34%
Pollux
8.4%

You're not logged in!

Compare scores with friends on all Sporcle quizzes.
OR
Log In

Sporcle TV

Today on Sporcle TV


Watch our educational content, quiz creation guides, and fun videos on Sporcle TV.

Show Comments

Extras

Top Quizzes Today


Score Distribution

Your Account Isn't Verified!

In order to create a playlist on Sporcle, you need to verify the email address you used during registration. Go to your Sporcle Settings to finish the process.

Report this User

Report this user for behavior that violates our Community Guidelines.

Details: